Science Quiz

Random Science or Math Quiz

Fast Math Quiz Stats

 Plays Quiz Updated Nov 20, 2014

Score 0/30 Timer 02:00
9 Plays Today
Initial Calculation Answer % Correct
DL 1 - Addition (begin with 2+5)7
99.7%
DL 2 - Subtraction (begin with 360-45)315
92%
18
91.7%
19
91.4%
72
90.1%
93
89.7%
199
86.3%
DL 3 - Multiplication (begin with 2*3)6
86.1%
165
85.4%
158
84.8%
24
82.5%
76
80.9%
120
78.9%
1200
78.1%
DL 4 - Division (begin with 100/2)50
76.8%
Initial Calculation Answer % Correct
7200
73.7%
10
72.9%
40
62.3%
DL 5 - Powers (begin with 2^2)4
62.1%
2
61.5%
0.5
59.7%
64
51.6%
8
40%
DL 6 - Grab Bag (begin with 14+27)41
31.7%
512
27%
-15
26%
1
25.5%
-60
23.9%
-3
22.5%
81
16.7%

You're not logged in!

Compare scores with friends on all Sporcle quizzes.
OR
Log In

Sporcle TV

Today on Sporcle TV


Watch our educational content, quiz creation guides, and fun videos on Sporcle TV.

Show Comments

Extras

Top Quizzes Today


Score Distribution

Your Account Isn't Verified!

In order to create a playlist on Sporcle, you need to verify the email address you used during registration. Go to your Sporcle Settings to finish the process.

Report this User

Report this user for behavior that violates our Community Guidelines.

Details: